| 000 | 01273cam a22003377a 4500 | ||
|---|---|---|---|
| 003 | CHAP | ||
| 005 | 20220329141958.0 | ||
| 008 | 981104s1998 mx a r 00010 spa d | ||
| 010 | _a76599 | ||
| 011 | _a77571 | ||
| 035 | _a87180 | ||
| 040 | _cCHAP | ||
| 090 | _aTesis | ||
| 100 | 0 | 0 |
_aMuñoz Hernández, Hilario. _979612 |
| 245 | 1 | 0 |
_aAdaptabilidad de líneas y variedades comerciales de trigo (Triticum aestivum L.) tolerantes a sequía, transecto Chapingo-libres, Puebla en 1996 _c/por Hilario Muñoz Hernández |
| 260 |
_aChapingo, Méx. : _bEl autor, _c1998 |
||
| 300 |
_a47 h. : _bgráfs., cuadros |
||
| 502 | _aTesis (Ing. Agr. Esp. en Fitotecnia) --UACH. Departamento de Fitotecnia | ||
| 590 |
_aALEPH _b10 _c20130110 _lUCH01 _h1426 |
||
| 590 |
_aBATCH-UPD _b10 _c20130110 _lUCH01 _h0607 |
||
| 590 |
_aBATCH-UPD _b10 _c20130410 _lUCH01 _h0248 |
||
| 590 |
_aBATCH-UPD _b10 _c20130914 _lUCH01 _h1834 |
||
| 590 |
_aCONVERSION _b10 _c20130109 _lUCH01 _h1342 |
||
| 650 | 1 | 4 |
_aTrigo _xEfecto del medio ambiente. _9115015 |
| 650 | 1 | 4 |
_aTrigo _xVariedades resistentes a sequía. _9115123 |
| 901 | _aBK | ||
| 905 | _aAraceli Hernández G. | ||
| 942 | _cFOLL | ||
| 949 |
_bBC _cTES _d33724000705935 _eTS2 _fc.2 _h33065 _i87180 _si |
||
| 949 |
_bBC _cTES _d871801 _eTS1 _h33064 _i87180 _sb |
||
| 999 |
_c76599 _d76599 |
||